000 00438nam a22001817a 4500
005 20221212162150.0
008 221212b ||||| |||| 00| 0 eng d
040 _cAL
041 _aEnglish
082 _223
_a307.2
_bTALD
100 _aTalwar
_965605
245 _aDemo Graph
300 _a80 p.
_bPB
_c21x29 cm.
650 _aLiteracy Perceptions
_965606
650 _aStrategy
_965607
700 _aTALWAR
_965608
942 _2ddc
_cGF
999 _c225615
_d225615